000 00317nam a2200133Ia 4500
005 20251222155111.0
008 251222s9999||||xx |||||||||||||| ||spa||
082 _aSIQ. 01
100 _aUGALDE M
245 0 _aEnfermería Salud Mental Psiquiatrica
250 _a1ra. ed.
264 _bSalvat editores
942 _cLIB
999 _c38070
_d38070